[Event "CXU Nytår 2015 Øbro"]
[Site "?"]
[Date "2015.12.27"]
[Round "1.1"]
[White "Danielsen, 2502, GM Henrik"]
[Black "Georgiev Bonchev, 2039, Boncho"]
[Result "1-0"]
[BlackElo "2039"]
[WhiteElo "2502"]
[LiveChessVersion "1.4.6"]

1. f4 {[%clk 1:59:41]} d5 {[%clk 1:59:45]} 2. Nf3 {[%clk 1:58:44]} Nc6
{[%clk 1:59:13]} 3. e3 {[%clk 1:57:46]} Bg4 {[%clk 1:59:08]} 4. Bb5
{[%clk 1:57:16]} e6 {[%clk 1:54:33]} 5. Bxc6+ {[%clk 1:56:27]} bxc6
{[%clk 1:54:27]} 6. b3 {[%clk 1:55:22]} Bd6 {[%clk 1:50:20]} 7. Bb2
{[%clk 1:54:31]} f6 {[%clk 1:48:58]} 8. O-O {[%clk 1:50:06]} Ne7 {[%clk 1:47:05]}
9. Nc3 {[%clk 1:46:47]} Qd7 {[%clk 1:44:27]} 10. Na4 {[%clk 1:43:06]} c5
{[%clk 1:33:32]} 11. Qe1 {[%clk 1:38:34]} O-O {[%clk 1:18:52]} 12. Qg3
{[%clk 1:38:00]} Bxf3 {[%clk 1:18:39]} 13. Rxf3 {[%clk 1:36:49]} Nf5
{[%clk 1:09:19]} 14. Qh3 {[%clk 1:34:11]} e5 {[%clk 1:06:15]} 15. fxe5
{[%clk 1:24:50]} fxe5 {[%clk 1:05:45]} 16. Raf1 {[%clk 1:24:02]} g6
{[%clk 1:05:01]} 17. g4 {[%clk 1:20:09]} Ng7 {[%clk 1:03:37]} 18. Qh4
{[%clk 1:16:07]} d4 {[%clk 0:57:11]} 19. Ba3 {[%clk 1:13:25]} Ne6
{[%clk 0:50:58]} 20. Nb2 {[%clk 1:09:43]} Rxf3 {[%clk 0:47:05]} 21. Rxf3
{[%clk 1:09:33]} e4 {[%clk 0:46:56]} 22. Rf1 {[%clk 1:07:00]} Be7
{[%clk 0:46:46]} 23. Qg3 {[%clk 1:03:52]} Ng5 {[%clk 0:45:59]} 24. Nc4
{[%clk 1:03:04]} Nf3+ {[%clk 0:43:57]} 25. Kh1 {[%clk 0:58:46]} Rf8
{[%clk 0:30:28]} 26. h3 {[%clk 0:55:54]} Rf7 {[%clk 0:26:07]} 27. exd4
{[%clk 0:38:18]} Bh4 {[%clk 0:20:40]} 28. Qg2 {[%clk 0:37:12]} cxd4
{[%clk 0:20:19]} 29. d3 {[%clk 0:35:49]} Qe6 {[%clk 0:17:27]} 30. Qe2
{[%clk 0:29:18]} Ng5 {[%clk 0:14:35]} 31. Rxf7 {[%clk 0:28:56]} Qxf7
{[%clk 0:11:52]} 32. dxe4 {[%clk 0:28:23]} Nxh3 {[%clk 0:11:29]} 33. Ne5
{[%clk 0:27:11]} Qf4 {[%clk 0:04:18]} 34. Qc4+ {[%clk 0:21:30]} Kh8
{[%clk 0:03:46]} 35. Qxd4 {[%clk 0:20:06]} Bf6 {[%clk 0:01:53]} 36. Bb2
{[%clk 0:13:40]} Nf2+ {[%clk 0:01:08]} 37. Kg2 {[%clk 0:12:04]} Nxe4
{[%clk 0:01:07]} 38. Qd8+ {[%clk 0:11:22]} Bxd8 {[%clk 0:00:26]} 39. Nxg6+
{[%clk 0:11:15]} Kg8 {[%clk 0:00:24]} 40. Nxf4 {[%clk 0:11:07]} Kf7
{[%clk 0:00:14]} 41. Nd3 {[%clk 0:10:03]} Be7 {[%clk 0:00:11]} 42. Kf3
{[%clk 0:08:53]} Ng5+ {[%clk 0:25:35]} 43. Kf4 {[%clk 0:38:35]} Ke6
{[%clk 0:24:59]} 44. Bd4 {[%clk 0:37:21]} a6 {[%clk 0:24:10]} 45. Bc5
{[%clk 0:37:07]} Bf6 {[%clk 0:23:20]} 46. Be3 {[%clk 0:35:15]} Be7
{[%clk 0:11:47]} 47. Bc5 {[%clk 0:32:46]} Bf6 {[%clk 0:11:32]} 48. Bb4
{[%clk 0:32:30]} Nh3+ {[%clk 0:09:03]} 49. Kg3 {[%clk 0:31:52]} Ng5
{[%clk 0:08:22]} 50. Nc5+ {[%clk 0:31:31]} Kd5 {[%clk 0:08:10]} 51. Nxa6
{[%clk 0:31:24]} Be5+ {[%clk 0:07:43]} 52. Kh4 {[%clk 0:30:15]} Ne4
{[%clk 0:06:00]} 53. Be7 {[%clk 0:27:48]} Kd4 {[%clk 0:03:56]} 54. Bb4
{[%clk 0:23:34]} c5 {[%clk 0:03:50]} 55. Be1 {[%clk 0:22:47]} Bd6
{[%clk 0:02:59]} 56. Kh5 {[%clk 0:22:23]} Ke3 {[%clk 0:02:52]} 57. Ba5
{[%clk 0:20:47]} Kd4 {[%clk 0:02:21]} 58. c4 {[%clk 0:20:03]} Nf2
{[%clk 0:01:53]} 59. Bb6 {[%clk 0:18:58]} Ne4 {[%clk 0:01:50]} 60. Nc7
{[%clk 0:18:17]} Bf4 {[%clk 0:01:32]} 61. Ne6+ {[%clk 0:17:16]} Ke5
{[%clk 0:01:30]} 62. Nxc5 {[%clk 0:16:36]} Nf6+ {[%clk 0:01:05]} 63. Kh4
{[%clk 0:16:31]} Bd2 {[%clk 0:00:59]} 64. Bd8 {[%clk 0:15:35]} Be1+
{[%clk 0:00:56]} 65. Kh3 {[%clk 0:15:29]} Nxg4 {[%clk 0:00:46]} 66. Kxg4
{[%clk 0:15:07]} Kd4 {[%clk 0:00:40]} 67. Bb6 {[%clk 0:14:30]} Bb4
{[%clk 0:00:20]} 1-0

[Event "CXU Nytår 2015 Øbro"]
[Site "?"]
[Date "2015.12.27"]
[Round "1.2"]
[White "Winther Jensen, 2031, Henrik"]
[Black "Hector, 2499, GM Jonny"]
[Result "0-1"]
[BlackElo "2499"]
[WhiteElo "2031"]
[LiveChessVersion "1.4.6"]

1. Nf3 {[%clk 1:59:45]} d5 {[%clk 1:59:48]} 2. b3 {[%clk 1:59:28]} Bg4
{[%clk 1:58:41]} 3. Bb2 {[%clk 1:58:23]} f6 {[%clk 1:57:32]} 4. d4
{[%clk 1:56:20]} Nc6 {[%clk 1:55:47]} 5. Nbd2 {[%clk 1:51:40]} Qd7
{[%clk 1:55:12]} 6. e3 {[%clk 1:47:34]} e5 {[%clk 1:52:58]} 7. dxe5
{[%clk 1:46:21]} fxe5 {[%clk 1:51:45]} 8. Bxe5 {[%clk 1:39:23]} Bxf3
{[%clk 1:50:49]} 9. Nxf3 {[%clk 1:39:14]} Nxe5 {[%clk 1:50:10]} 10. Nxe5
{[%clk 1:39:08]} Bb4+ {[%clk 1:49:54]} 11. Ke2 {[%clk 1:38:43]} Qe6
{[%clk 1:47:56]} 12. Nf3 {[%clk 1:35:13]} Bc3 {[%clk 1:46:00]} 13. Rb1
{[%clk 1:34:15]} Nf6 {[%clk 1:44:31]} 14. Qd3 {[%clk 1:30:50]} Ne4
{[%clk 1:42:51]} 15. Ng5 {[%clk 1:08:37]} Qg4+ {[%clk 1:37:19]} 16. Nf3
{[%clk 1:03:17]} O-O-O {[%clk 1:34:23]} 17. h3 {[%clk 1:00:49]} Qe6
{[%clk 1:32:57]} 18. Ng5 {[%clk 0:54:09]} Qf6 {[%clk 1:30:52]} 0-1

[Event "CXU Nytår 2015 Øbro"]
[Site "?"]
[Date "2015.12.27"]
[Round "1.3"]
[White "Haubro, 2365, FM Martin"]
[Black "Reppen, 2030, Ellisiv"]
[Result "1-0"]
[BlackElo "2030"]
[WhiteElo "2365"]
[LiveChessVersion "1.4.6"]

1. e4 {[%clk 1:59:57]} e5 {[%clk 1:58:25]} 2. Nf3 {[%clk 1:59:46]} Nc6
{[%clk 1:58:18]} 3. Bb5 {[%clk 1:59:43]} a6 {[%clk 1:58:11]} 4. Ba4
{[%clk 1:59:39]} Nf6 {[%clk 1:57:59]} 5. O-O {[%clk 1:59:33]} Be7
{[%clk 1:57:24]} 6. Re1 {[%clk 1:59:29]} b5 {[%clk 1:57:02]} 7. Bb3
{[%clk 1:59:25]} O-O {[%clk 1:56:33]} 8. d3 {[%clk 1:55:44]} d6 {[%clk 1:55:59]}
9. c3 {[%clk 1:55:40]} Na5 {[%clk 1:55:44]} 10. Bc2 {[%clk 1:55:34]} c5
{[%clk 1:55:26]} 11. Nbd2 {[%clk 1:55:27]} Qc7 {[%clk 1:54:22]} 12. Nf1
{[%clk 1:52:12]} Re8 {[%clk 1:53:08]} 13. Ng3 {[%clk 1:49:51]} Be6
{[%clk 1:48:25]} 14. Ng5 {[%clk 1:39:16]} Bg4 {[%clk 1:46:35]} 15. f3
{[%clk 1:36:37]} Bd7 {[%clk 1:45:19]} 16. f4 {[%clk 1:26:17]} h6 {[%clk 1:42:39]}
17. Nf3 {[%clk 1:23:35]} Bf8 {[%clk 1:41:02]} 18. fxe5 {[%clk 0:53:53]} dxe5
{[%clk 1:40:42]} 19. h3 {[%clk 0:50:29]} Nc6 {[%clk 1:37:25]} 20. Be3
{[%clk 0:45:03]} Rad8 {[%clk 1:35:01]} 21. Qe2 {[%clk 0:41:48]} Be6
{[%clk 1:30:18]} 22. Qf2 {[%clk 0:38:36]} Nd7 {[%clk 1:20:42]} 23. a3
{[%clk 0:21:56]} a5 {[%clk 1:14:57]} 24. Rac1 {[%clk 0:19:36]} Qb7
{[%clk 1:11:32]} 25. Rf1 {[%clk 0:17:42]} b4 {[%clk 1:07:14]} 26. axb4
{[%clk 0:17:17]} axb4 {[%clk 1:06:16]} 27. Nh2 {[%clk 0:11:17]} bxc3
{[%clk 0:58:50]} 28. bxc3 {[%clk 0:11:16]} Ra8 {[%clk 0:56:32]} 29. Rb1
{[%clk 0:10:15]} Qc7 {[%clk 0:54:41]} 30. Bb3 {[%clk 0:09:04]} c4
{[%clk 0:48:16]} 31. Bxc4 {[%clk 0:09:01]} Bxc4 {[%clk 0:47:24]} 32. dxc4
{[%clk 0:08:59]} Nd8 {[%clk 0:45:11]} 33. Rbd1 {[%clk 0:07:26]} Re6
{[%clk 0:42:21]} 34. Ng4 {[%clk 0:06:09]} Nf6 {[%clk 0:36:08]} 35. Nxf6+
{[%clk 0:05:51]} Rxf6 {[%clk 0:35:32]} 36. Qe2 {[%clk 0:05:47]} Rxf1+
{[%clk 0:23:03]} 37. Rxf1 {[%clk 0:05:32]} Bc5 {[%clk 0:19:07]} 38. Nf5
{[%clk 0:05:04]} Ne6 {[%clk 0:17:19]} 39. Kh2 {[%clk 0:03:17]} Bxe3
{[%clk 0:14:12]} 40. Nxe3 {[%clk 0:02:56]} Nf4 {[%clk 0:10:33]} 41. Qf2
{[%clk 0:29:36]} Ra3 {[%clk 0:29:49]} 42. Qb2 {[%clk 0:23:38]} Qa7
{[%clk 0:26:16]} 43. Rf3 {[%clk 0:23:14]} Ra2 {[%clk 0:24:08]} 44. Qb5
{[%clk 0:22:51]} f6 {[%clk 0:15:29]} 45. c5 {[%clk 0:21:14]} Ra5 {[%clk 0:13:48]}
46. Qe8+ {[%clk 0:20:31]} Kh7 {[%clk 0:13:42]} 47. Ng4 {[%clk 0:12:35]} Ra6
{[%clk 0:09:11]} 48. Rg3 {[%clk 0:11:12]} Qxc5 {[%clk 0:08:33]} 49. Nxh6
{[%clk 0:10:34]} g5 {[%clk 0:06:33]} 50. Nf5 {[%clk 0:08:03]} Ra7
{[%clk 0:05:13]} 51. Rf3 {[%clk 0:07:33]} Ne2 {[%clk 0:04:20]} 52. Qh5+
{[%clk 0:07:12]} Kg8 {[%clk 0:04:13]} 53. Qg6+ {[%clk 0:07:09]} Kf8
{[%clk 0:04:00]} 54. Qxf6+ {[%clk 0:07:05]} Ke8 {[%clk 0:03:47]} 55. Qh8+
{[%clk 0:05:06]} Kd7 {[%clk 0:03:45]} 56. Rd3+ {[%clk 0:04:58]} Kc6
{[%clk 0:03:25]} 57. Rd6+ {[%clk 0:04:30]} Kb7 {[%clk 0:02:32]} 58. Qg7+
{[%clk 0:04:26]} Kc8 {[%clk 0:01:55]} 59. Qf8+ {[%clk 0:04:20]} 1-0

[Event "CXU Nytår 2015 Øbro"]
[Site "?"]
[Date "2015.12.27"]
[Round "1.4"]
[White "Lund Ertbjerg, 2018, Andreas"]
[Black "Mørch Lauridsen, 2320, FM Jesper"]
[Result "0-1"]
[BlackElo "2320"]
[WhiteElo "2018"]
[LiveChessVersion "1.4.6"]

1. e4 {[%clk 1:59:57]} c5 {[%clk 1:59:56]} 2. d4 {[%clk 1:59:47]} cxd4
{[%clk 1:59:51]} 3. c3 {[%clk 1:59:41]} Nf6 {[%clk 1:57:41]} 4. e5
{[%clk 1:59:29]} Nd5 {[%clk 1:57:36]} 5. Nf3 {[%clk 1:56:35]} Nc6
{[%clk 1:55:20]} 6. Bc4 {[%clk 1:51:14]} Nb6 {[%clk 1:55:02]} 7. Bb3
{[%clk 1:51:08]} d6 {[%clk 1:52:54]} 8. cxd4 {[%clk 1:48:00]} dxe5
{[%clk 1:36:46]} 9. dxe5 {[%clk 1:43:09]} Qxd1+ {[%clk 1:35:14]} 10. Bxd1
{[%clk 1:43:02]} g6 {[%clk 1:27:01]} 11. Na3 {[%clk 1:29:30]} Bg7
{[%clk 1:25:18]} 12. Nb5 {[%clk 1:26:22]} O-O {[%clk 1:24:27]} 13. Nc7
{[%clk 1:24:54]} Rb8 {[%clk 1:24:14]} 14. e6 {[%clk 1:24:41]} fxe6
{[%clk 1:14:52]} 15. Bb3 {[%clk 1:21:12]} Kh8 {[%clk 0:56:26]} 16. Nxe6
{[%clk 1:14:33]} Bxe6 {[%clk 0:56:00]} 17. Bxe6 {[%clk 1:14:27]} Nd4
{[%clk 0:49:37]} 18. Nxd4 {[%clk 1:12:18]} Bxd4 {[%clk 0:49:31]} 19. O-O
{[%clk 1:01:06]} Rxf2 {[%clk 0:37:34]} 20. Rxf2 {[%clk 0:50:55]} Rf8
{[%clk 0:37:25]} 21. Bh6 {[%clk 0:41:47]} Rxf2 {[%clk 0:36:59]} 22. Rd1
{[%clk 0:41:40]} Rd2+ {[%clk 0:36:22]} 0-1

[Event "CXU Nytår 2015 Øbro"]
[Site "?"]
[Date "2015.12.27"]
[Round "1.5"]
[White "Bech Hansen, 2297, FM Søren"]
[Black "Nicolaj Skovgaard, 1991, Tom"]
[Result "1-0"]
[BlackElo "1991"]
[WhiteElo "2297"]
[LiveChessVersion "1.4.6"]

1. e4 {[%clk 1:55:47]} Nf6 {[%clk 1:59:49]} 2. e5 {[%clk 1:54:54]} Nd5
{[%clk 1:56:39]} 3. d4 {[%clk 1:54:36]} d6 {[%clk 1:56:35]} 4. Nf3
{[%clk 1:54:29]} Nb6 {[%clk 1:56:30]} 5. exd6 {[%clk 1:50:49]} cxd6
{[%clk 1:56:13]} 6. Be2 {[%clk 1:49:09]} g6 {[%clk 1:56:04]} 7. Be3
{[%clk 1:44:21]} Bg7 {[%clk 1:55:50]} 8. Qd2 {[%clk 1:43:55]} Bg4
{[%clk 1:49:15]} 9. Bh6 {[%clk 1:41:47]} O-O {[%clk 1:42:06]} 10. Bxg7
{[%clk 1:38:20]} Kxg7 {[%clk 1:42:00]} 11. Nc3 {[%clk 1:33:25]} Nc6
{[%clk 1:35:47]} 12. Ne4 {[%clk 1:16:31]} e5 {[%clk 1:31:45]} 13. c3
{[%clk 1:07:29]} d5 {[%clk 1:26:17]} 14. Nc5 {[%clk 1:04:22]} Bxf3
{[%clk 1:12:31]} 15. Bxf3 {[%clk 0:59:39]} exd4 {[%clk 1:11:48]} 16. O-O
{[%clk 0:58:42]} dxc3 {[%clk 1:10:11]} 17. Qxc3+ {[%clk 0:54:59]} d4
{[%clk 1:09:44]} 18. Qa3 {[%clk 0:52:54]} Nc4 {[%clk 0:52:35]} 19. Qa4
{[%clk 0:46:04]} Nd2 {[%clk 0:51:51]} 20. Bxc6 {[%clk 0:45:13]} Nxf1
{[%clk 0:47:16]} 21. Bxb7 {[%clk 0:39:39]} Rb8 {[%clk 0:37:28]} 22. Rxf1
{[%clk 0:37:53]} Qd6 {[%clk 0:31:47]} 23. b4 {[%clk 0:33:48]} Rfe8
{[%clk 0:29:22]} 24. Be4 {[%clk 0:30:09]} Re7 {[%clk 0:25:19]} 25. Bd3
{[%clk 0:28:16]} Rbe8 {[%clk 0:23:48]} 26. Qd1 {[%clk 0:28:02]} a5
{[%clk 0:23:35]} 27. a3 {[%clk 0:27:51]} axb4 {[%clk 0:23:29]} 28. axb4
{[%clk 0:27:45]} Rb8 {[%clk 0:23:11]} 29. Qd2 {[%clk 0:27:31]} f5
{[%clk 0:21:45]} 30. Rd1 {[%clk 0:26:06]} Qb6 {[%clk 0:20:39]} 31. Bc4
{[%clk 0:24:23]} Qf6 {[%clk 0:18:21]} 32. g3 {[%clk 0:21:31]} h5 {[%clk 0:16:58]}
33. h4 {[%clk 0:17:05]} f4 {[%clk 0:15:31]} 34. Qxf4 {[%clk 0:14:19]} Qxf4
{[%clk 0:15:08]} 35. gxf4 {[%clk 0:14:13]} Rxb4 {[%clk 0:14:59]} 36. Rxd4
{[%clk 0:13:41]} Re1+ {[%clk 0:14:35]} 37. Kg2 {[%clk 0:13:33]} Rc1
{[%clk 0:11:28]} 38. Be2 {[%clk 0:05:46]} Rxc5 {[%clk 0:11:10]} 39. Rxb4
{[%clk 0:05:40]} 1-0

[Event "CXU Nytår 2015 Øbro"]
[Site "?"]
[Date "2015.12.27"]
[Round "1.6"]
[White "Nyvang Andersen, 1986, Kim"]
[Black "Søndergård Thybo, 2289, FM Jesper"]
[Result "0-1"]
[BlackElo "2289"]
[WhiteElo "1986"]
[LiveChessVersion "1.4.6"]

1. d4 {[%clk 1:59:44]} Nf6 {[%clk 1:59:35]} 2. c4 {[%clk 1:59:16]} c5
{[%clk 1:59:05]} 3. d5 {[%clk 1:59:08]} b5 {[%clk 1:58:56]} 4. cxb5
{[%clk 1:59:02]} a6 {[%clk 1:58:50]} 5. f3 {[%clk 1:58:55]} g6 {[%clk 1:55:08]}
6. e4 {[%clk 1:58:44]} d6 {[%clk 1:55:03]} 7. Na3 {[%clk 1:57:50]} Bg7
{[%clk 1:54:20]} 8. Ne2 {[%clk 1:57:16]} O-O {[%clk 1:53:28]} 9. Nc3
{[%clk 1:57:07]} e6 {[%clk 1:40:03]} 10. Bc4 {[%clk 1:48:56]} exd5
{[%clk 1:35:57]} 11. Nxd5 {[%clk 1:43:36]} Nbd7 {[%clk 1:34:41]} 12. Nxf6+
{[%clk 1:40:54]} Qxf6 {[%clk 1:33:31]} 13. O-O {[%clk 1:37:29]} Nb6
{[%clk 1:31:55]} 14. Be2 {[%clk 1:33:08]} Rd8 {[%clk 1:31:06]} 15. Nc4
{[%clk 1:28:51]} d5 {[%clk 1:24:54]} 16. e5 {[%clk 1:24:28]} Qe6 {[%clk 1:24:32]}
17. f4 {[%clk 1:19:11]} Nxc4 {[%clk 1:20:48]} 18. Bxc4 {[%clk 1:19:00]} Qd7
{[%clk 1:20:35]} 19. Qf3 {[%clk 1:15:16]} axb5 {[%clk 1:19:10]} 20. Bb3
{[%clk 1:14:42]} Bb7 {[%clk 1:18:37]} 21. Bd2 {[%clk 1:09:42]} c4
{[%clk 1:17:21]} 22. Bd1 {[%clk 1:09:06]} d4 {[%clk 1:16:23]} 23. Qg3
{[%clk 1:08:44]} Qe7 {[%clk 1:15:48]} 24. a3 {[%clk 1:08:25]} f6 {[%clk 1:11:52]}
25. Bb4 {[%clk 1:06:00]} Qf7 {[%clk 1:09:15]} 26. exf6 {[%clk 1:02:20]} Qxf6
{[%clk 1:09:02]} 27. Bf3 {[%clk 1:00:52]} Bxf3 {[%clk 1:07:46]} 28. Qxf3
{[%clk 1:00:35]} Rac8 {[%clk 1:07:27]} 29. Rae1 {[%clk 1:00:16]} Qc6
{[%clk 1:05:55]} 30. Qg4 {[%clk 0:58:11]} Re8 {[%clk 1:02:11]} 31. f5
{[%clk 0:56:21]} Rxe1 {[%clk 0:59:05]} 32. Rxe1 {[%clk 0:55:36]} Qd7
{[%clk 0:58:39]} 33. Re7 {[%clk 0:55:02]} Qxf5 {[%clk 0:57:40]} 34. Rxg7+
{[%clk 0:54:56]} Kxg7 {[%clk 0:57:26]} 35. Qxd4+ {[%clk 0:54:49]} Kg8
{[%clk 0:56:27]} 36. g4 {[%clk 0:52:07]} Qb1+ {[%clk 0:53:22]} 37. Kg2
{[%clk 0:50:30]} Qc2+ {[%clk 0:52:14]} 38. Kg1 {[%clk 0:48:58]} Qd3
{[%clk 0:45:51]} 39. Qe5 {[%clk 0:46:33]} Qd1+ {[%clk 0:45:46]} 40. Kf2
{[%clk 0:46:18]} Qxg4 {[%clk 0:33:15]} 41. Qd5+ {[%clk 0:43:04]} Kg7
{[%clk 0:32:56]} 42. Bc3+ {[%clk 0:40:53]} Kh6 {[%clk 0:32:18]} 43. Bd2+
{[%clk 0:40:26]} g5 {[%clk 0:31:54]} 44. Qd6+ {[%clk 0:37:33]} Kh5
{[%clk 0:31:23]} 45. Qf6 {[%clk 0:35:43]} Qh4+ {[%clk 0:30:58]} 46. Kg1
{[%clk 0:34:26]} Rc7 {[%clk 0:28:46]} 47. Qe5 {[%clk 0:30:39]} Qg4+
{[%clk 0:28:30]} 48. Kh1 {[%clk 0:29:56]} Rf7 {[%clk 0:28:07]} 0-1

[Event "CXU Nytår 2015 Øbro"]
[Site "?"]
[Date "2015.12.27"]
[Round "1.7"]
[White "Valentin Rostgaard, 2279, Tobias"]
[Black "Mortensen, 1980, Henrik"]
[Result "1/2-1/2"]
[BlackElo "1950"]
[WhiteElo "2279"]
[LiveChessVersion "1.4.6"]

1. Nf3 {[%clk 1:59:54]} d5 {[%clk 1:59:35]} 2. d4 {[%clk 1:59:35]} Nf6
{[%clk 1:59:05]} 3. c4 {[%clk 1:59:26]} e6 {[%clk 1:58:47]} 4. Nc3
{[%clk 1:59:09]} Be7 {[%clk 1:58:27]} 5. Bf4 {[%clk 1:59:02]} c6 {[%clk 1:55:17]}
6. e3 {[%clk 1:58:08]} O-O {[%clk 1:54:23]} 7. h3 {[%clk 1:56:50]} Ne4
{[%clk 1:49:25]} 8. Nxe4 {[%clk 1:54:07]} dxe4 {[%clk 1:49:06]} 9. Nd2
{[%clk 1:53:58]} f5 {[%clk 1:48:50]} 10. c5 {[%clk 1:53:31]} Nd7 {[%clk 1:46:30]}
11. Be2 {[%clk 1:43:29]} Nf6 {[%clk 1:44:42]} 12. O-O {[%clk 1:41:44]} Nd5
{[%clk 1:42:11]} 13. Bh2 {[%clk 1:37:59]} Bd7 {[%clk 1:38:17]} 14. Nc4
{[%clk 1:37:17]} Be8 {[%clk 1:26:29]} 15. f3 {[%clk 1:35:15]} Bg5
{[%clk 1:11:12]} 16. Qb3 {[%clk 1:31:53]} f4 {[%clk 1:01:27]} 17. fxe4
{[%clk 1:31:31]} Nxe3 {[%clk 0:59:18]} 18. Nxe3 {[%clk 1:28:51]} Qxd4
{[%clk 0:56:38]} 19. Bc4 {[%clk 1:26:48]} Qxe3+ {[%clk 0:55:32]} 20. Qxe3
{[%clk 1:26:40]} fxe3 {[%clk 0:55:26]} 21. Rxf8+ {[%clk 1:14:42]} Kxf8
{[%clk 0:55:14]} 22. Rf1+ {[%clk 1:13:04]} Bf7 {[%clk 0:46:25]} 23. Bxe6
{[%clk 1:10:49]} Bf6 {[%clk 0:44:03]} 24. Bd6+ {[%clk 1:10:40]} Ke8
{[%clk 0:41:37]} 25. Bxf7+ {[%clk 1:08:16]} Kxf7 {[%clk 0:41:29]} 26. e5
{[%clk 1:08:02]} e2 {[%clk 0:41:12]} 27. Re1 {[%clk 1:07:55]} Bg5
{[%clk 0:40:05]} 28. Rxe2 {[%clk 1:07:36]} Ke6 {[%clk 0:39:33]} 29. Re4
{[%clk 1:04:40]} Rd8 {[%clk 0:37:39]} 30. Rg4 {[%clk 1:02:58]} Bh6
{[%clk 0:36:52]} 31. Kf2 {[%clk 1:02:26]} Rd7 {[%clk 0:35:13]} 32. Ke2
{[%clk 1:01:50]} Rf7 {[%clk 0:34:29]} 33. g3 {[%clk 0:56:50]} Bc1
{[%clk 0:30:15]} 34. Rb4 {[%clk 0:55:32]} Bg5 {[%clk 0:28:26]} 35. Ra4
{[%clk 0:52:17]} a6 {[%clk 0:27:27]} 36. Re4 {[%clk 0:45:01]} Bc1
{[%clk 0:26:09]} 37. b3 {[%clk 0:44:25]} Bg5 {[%clk 0:24:00]} 38. Rg4
{[%clk 0:40:42]} Bc1 {[%clk 0:21:56]} 39. Kd3 {[%clk 0:39:03]} Bh6
{[%clk 0:18:31]} 40. Kc4 {[%clk 0:37:23]} Bd2 {[%clk 0:15:08]} 41. Rh4
{[%clk 0:35:28]} g6 {[%clk 0:12:04]} 42. Rg4 {[%clk 0:32:24]} Rf3
{[%clk 0:05:37]} 43. Kd4 {[%clk 0:32:11]} g5 {[%clk 0:28:32]} 44. Re4
{[%clk 0:53:26]} Rxg3 {[%clk 0:27:18]} 45. h4 {[%clk 0:52:42]} Bf4
{[%clk 0:25:36]} 46. hxg5 {[%clk 0:52:23]} Bxg5 {[%clk 0:25:29]} 47. Re1
{[%clk 0:52:05]} Rg4+ {[%clk 0:23:57]} 48. Kd3 {[%clk 0:51:55]} h5
{[%clk 0:22:58]} 49. Rf1 {[%clk 0:50:27]} Bf4 {[%clk 0:22:11]} 50. Rh1
{[%clk 0:48:51]} h4 {[%clk 0:21:43]} 51. Bc7 {[%clk 0:48:39]} Bxe5
{[%clk 0:19:43]} 52. Re1 {[%clk 0:47:42]} Rg5 {[%clk 0:18:03]} 53. Re4
{[%clk 0:47:31]} Kd5 {[%clk 0:14:52]} 54. Bxe5 {[%clk 0:46:43]} Rxe5
{[%clk 0:14:45]} 55. Rxh4 {[%clk 0:46:16]} Kxc5 {[%clk 0:14:37]} 56. a3
{[%clk 0:44:47]} Rg5 {[%clk 0:14:22]} 1/2-1/2

[Event "CXU Nytår 2015 Øbro"]
[Site "?"]
[Date "2015.12.27"]
[Round "1.8"]
[White "Tandrup, 1974, Michael"]
[Black "Jørgen Jørgensen, 2270, Brian"]
[Result "0-1"]
[BlackElo "2270"]
[WhiteElo "1974"]
[LiveChessVersion "1.4.6"]

1. c4 {[%clk 1:59:45]} f5 {[%clk 1:59:51]} 2. d4 {[%clk 1:58:53]} Nf6
{[%clk 1:59:44]} 3. Nc3 {[%clk 1:58:37]} e6 {[%clk 1:59:37]} 4. g3
{[%clk 1:55:55]} d5 {[%clk 1:59:28]} 5. Bg2 {[%clk 1:55:03]} c6 {[%clk 1:59:24]}
6. Nf3 {[%clk 1:48:35]} Bd6 {[%clk 1:59:16]} 7. Ne5 {[%clk 1:45:46]} O-O
{[%clk 1:57:04]} 8. O-O {[%clk 1:44:15]} b6 {[%clk 1:39:15]} 9. Bg5
{[%clk 1:33:26]} Bb7 {[%clk 1:36:44]} 10. Rc1 {[%clk 1:31:12]} Qe8
{[%clk 1:35:04]} 11. cxd5 {[%clk 1:17:40]} exd5 {[%clk 1:32:16]} 12. Nd3
{[%clk 1:10:07]} Ne4 {[%clk 1:20:49]} 13. Bf4 {[%clk 1:06:58]} Bxf4
{[%clk 1:17:57]} 14. Nxf4 {[%clk 1:04:38]} Na6 {[%clk 1:14:56]} 15. a3
{[%clk 0:58:12]} Nc7 {[%clk 1:06:48]} 16. b4 {[%clk 0:52:22]} Ba6
{[%clk 1:00:53]} 17. Re1 {[%clk 0:44:43]} Bc4 {[%clk 0:53:51]} 18. Qc2
{[%clk 0:34:29]} Nd6 {[%clk 0:48:18]} 19. e3 {[%clk 0:32:23]} b5 {[%clk 0:37:11]}
20. Nd3 {[%clk 0:29:18]} Bxd3 {[%clk 0:34:48]} 21. Qxd3 {[%clk 0:29:15]} a5
{[%clk 0:33:45]} 22. f3 {[%clk 0:19:43]} Nc4 {[%clk 0:25:28]} 23. e4
{[%clk 0:17:54]} fxe4 {[%clk 0:25:09]} 24. fxe4 {[%clk 0:17:40]} Qg6
{[%clk 0:24:48]} 25. Qe2 {[%clk 0:13:21]} Rfe8 {[%clk 0:15:58]} 26. Qf3
{[%clk 0:11:06]} axb4 {[%clk 0:07:11]} 27. axb4 {[%clk 0:10:32]} Rf8
{[%clk 0:05:35]} 28. Qd1 {[%clk 0:08:46]} Qd6 {[%clk 0:04:46]} 29. exd5
{[%clk 0:06:54]} cxd5 {[%clk 0:04:30]} 30. Qh5 {[%clk 0:05:42]} Rad8
{[%clk 0:03:57]} 31. Rf1 {[%clk 0:04:00]} Ne3 {[%clk 0:03:04]} 32. Rxf8+
{[%clk 0:03:34]} Rxf8 {[%clk 0:02:35]} 33. Qe5 {[%clk 0:02:25]} Qxe5
{[%clk 0:01:49]} 34. dxe5 {[%clk 0:02:23]} d4 {[%clk 0:01:34]} 35. Ne4
{[%clk 0:01:29]} Ncd5 {[%clk 0:01:19]} 36. Nc5 {[%clk 0:00:56]} Nxb4
{[%clk 0:00:53]} 37. Rb1 {[%clk 0:00:40]} Rc8 {[%clk 0:00:12]} 38. Rxb4
{[%clk 0:00:20]} Rxc5 {[%clk 0:00:08]} 39. Rb1 {[%clk 0:00:13]} Rxe5
{[%clk 0:00:06]} 40. h3 {[%clk 0:00:02]} d3 {[%clk 0:00:06]} 41. Bf3 d2 42. Kf2
Kf8 43. Ra1 Ke7 44. Ra7+ Kd6 45. Rxg7 d1=Q 46. Bxd1 Nxd1+ 47. Kf3 Re7 48. Rg8 Nc3
49. g4 b4 50. Rb8 Nd5 51. g5 Kc7 52. Ra8 b3 53. Ra1 b2 54. Rb1 Re3+ 55. Kg4 Rb3
0-1

[Event "CXU Nytår 2015 Øbro"]
[Site "?"]
[Date "2015.12.27"]
[Round "1.9"]
[White "Arni Nilssen, 2262, IM John"]
[Black "Majlund Nielsen, 1967, Morten"]
[Result "1-0"]
[BlackElo "1967"]
[WhiteElo "2262"]
[LiveChessVersion "1.4.6"]

1. d4 {[%clk 1:59:46]} d5 {[%clk 1:58:58]} 2. c4 {[%clk 1:59:39]} e6
{[%clk 1:58:48]} 3. Nf3 {[%clk 1:59:19]} Nf6 {[%clk 1:57:58]} 4. g3
{[%clk 1:59:13]} dxc4 {[%clk 1:56:43]} 5. Bg2 {[%clk 1:59:06]} c5
{[%clk 1:55:33]} 6. O-O {[%clk 1:57:15]} Nc6 {[%clk 1:54:06]} 7. Qa4
{[%clk 1:53:59]} Bd7 {[%clk 1:49:48]} 8. dxc5 {[%clk 1:49:29]} Bxc5
{[%clk 1:46:42]} 9. Qxc4 {[%clk 1:48:15]} Qa5 {[%clk 1:43:20]} 10. a3
{[%clk 1:42:29]} Rc8 {[%clk 1:38:42]} 11. Qa2 {[%clk 1:39:22]} Bb6
{[%clk 1:32:11]} 12. Nbd2 {[%clk 1:32:57]} Qc5 {[%clk 1:17:25]} 13. b4
{[%clk 1:19:39]} Qd5 {[%clk 1:12:06]} 14. Nc4 {[%clk 1:00:59]} Bc7
{[%clk 0:59:26]} 15. Nfe5 {[%clk 0:52:55]} Qb5 {[%clk 0:57:24]} 16. a4
{[%clk 0:50:17]} Qxb4 {[%clk 0:52:26]} 17. Rb1 {[%clk 0:48:46]} Qe7
{[%clk 0:48:36]} 18. Ba3 {[%clk 0:48:19]} Qd8 {[%clk 0:48:27]} 19. Nxd7
{[%clk 0:36:09]} Nxd7 {[%clk 0:47:24]} 20. Rfd1 {[%clk 0:32:33]} Na5
{[%clk 0:39:00]} 21. Bxb7 {[%clk 0:30:33]} Nxb7 {[%clk 0:37:26]} 22. Rxb7
{[%clk 0:30:10]} Qg5 {[%clk 0:33:02]} 23. Rxc7 {[%clk 0:28:13]} 1-0